Statistics for NFL - Pittsburgh Steelers All Time Best Players

Click here to take the quiz!

General Stats

  • This quiz has been taken 60 times
  • The average score is 13 of 15

Answer Stats

HintAnswer% Correct
QB - #7 - 2004-2022Ben Roethlisberger
96%
RB - #22 - ACTIVENajee Harris
96%
SS - #43 - 2003-2014Troy Polamalu
96%
RB - #32 - 1972-1984Franco Harris
94%
WR - #84 - 2010-2021Antonio Brown
92%
QB - #12 - 1970-1984Terry Bradshaw
92%
OLB - #90 - ACTIVET.J. Watt
92%
RB - #36 -1993-2006Jerome Bettis
90%
DT - #75 -1969-1982Joe Greene
85%
FS - #39 - ACTIVEMinkah Fitzpatrick
85%
WR - #14 - ACTIVEGeorge Pickens
83%
DT - #97 - ACTIVECameron Heyward
81%
CB - #26 - 1987-2003Rod Woodson
62%
LB - #58 - 1974-1984Jack Lambert
60%
CB - #47 - 1970-1983Mel Blount
56%

Score Distribution

Percentile by Number Answered

Percent of People with Each Score

Your Score History

You have not taken this quiz